[Event "Master Tournament (MTO)"]
[Site "Biel/Bienne"]
[Date "2018.07.24"]
[Round "2.10"]
[White "Baklan, Vladimir"]
[Black "Krishna, C."]
[Result "1-0"]
[WhiteElo "2595"]
[BlackElo "2399"]
[PlyCount "71"]
[EventDate "2018.07.23"]

1. e4 e6 2. d4 d5 3. Nd2 c5 4. exd5 Qxd5 5. dxc5 Bxc5 6. Ngf3 Nf6 7. Bc4 Qc6 8.
Qe2 Nbd7 9. Nb3 O-O 10. Nxc5 Qxc5 11. O-O b6 12. b3 Bb7 13. Bb2 a6 14. a4 Rfe8
15. Rfd1 Qc7 16. Ne5 Nxe5 17. Qxe5 Qc6 18. f3 Rad8 19. Kh1 h6 20. Bd4 Rd7 21.
c3 Red8 22. Re1 Rd6 23. Rac1 Qc8 24. Qg3 Ne8 25. Qf2 Qc6 26. Qe2 Nc7 27. Bd3
Qd7 28. Bc2 Nd5 29. Be5 Rc6 30. c4 Nf6 31. Rcd1 Qe7 32. Rxd8+ Qxd8 33. Rd1 Qe7
34. Qd3 Rc8 35. Bxf6 Qxf6 36. Qd7 1-0

[Event "Master Tournament (MTO)"]
[Site "Biel/Bienne"]
[Date "2018.07.24"]
[Round "2.11"]
[White "Wallace, John Paul"]
[Black "Dragun, Kamil"]
[Result "1/2-1/2"]
[WhiteElo "2390"]
[BlackElo "2594"]
[PlyCount "88"]
[EventDate "2018.07.23"]

1. Nf3 d5 2. e3 Nf6 3. c4 e6 4. b3 Be7 5. Bb2 O-O 6. Nc3 c5 7. cxd5 exd5 8. d4
Bg4 9. Be2 Bxf3 10. Bxf3 cxd4 11. Qxd4 Nc6 12. Qd1 Qa5 13. O-O Rad8 14. Ne2 Ne4
15. Ng3 Bf6 16. Bxf6 Nxf6 17. Qc2 d4 18. Bxc6 d3 19. Qc4 bxc6 20. Rfd1 d2 21.
Qxc6 Rc8 22. Qf3 Rc2 23. Nf5 Qc3 24. e4 Qb2 25. Rab1 Qe5 26. Qe3 Nxe4 27. Ng3
Re8 28. Qxe4 Qxe4 29. Nxe4 Rxe4 30. a4 Re8 31. Kf1 g6 32. f3 Kg7 33. b4 Ra2 34.
b5 Re6 35. Rb4 Rd6 36. Ke2 Kf6 37. h4 Ke6 38. g4 Kd7 39. Rf4 f6 40. Re4 Rd5 41.
Rc4 h5 42. gxh5 gxh5 43. Rc6 Rxa4 44. Rxd2 Rxd2+ 1/2-1/2

[Event "Master Tournament (MTO)"]
[Site "Biel/Bienne"]
[Date "2018.07.24"]
[Round "2.12"]
[White "Arjun, Kalyan"]
[Black "Kovchan, Alexander"]
[Result "0-1"]
[WhiteElo "2370"]
[BlackElo "2572"]
[PlyCount "62"]
[EventDate "2018.07.23"]

1. e4 c5 2. Nf3 d6 3. d4 cxd4 4. Nxd4 Nf6 5. Nc3 g6 6. Be3 Bg7 7. f3 O-O 8. Qd2
Nc6 9. Bc4 Bd7 10. O-O-O Rb8 11. Bb3 Na5 12. h4 b5 13. Kb1 Nc4 14. Bxc4 bxc4
15. g4 Qb6 16. b3 cxb3 17. cxb3 Qa6 18. h5 Rfc8 19. hxg6 fxg6 20. g5 Nh5 21.
Nd5 Kf7 22. f4 Bg4 23. f5 gxf5 24. Qf2 e6 25. Rd2 exd5 26. exf5 Be5 27. g6+ Kg8
28. Rb2 Rb4 29. Rf1 Ng3 30. Rg1 Rc3 31. Ka1 Bf3 0-1

[Event "Master Tournament (MTO)"]
[Site "Biel/Bienne"]
[Date "2018.07.24"]
[Round "2.14"]
[White "Omar, Noaman"]
[Black "Moussard, Jules"]
[Result "1/2-1/2"]
[WhiteElo "2353"]
[BlackElo "2559"]
[PlyCount "60"]
[EventDate "2018.07.23"]

1. d4 d6 2. c4 e5 3. d5 f5 4. e4 fxe4 5. Nc3 Bf5 6. Nge2 Nf6 7. Ng3 Bg6 8. h4
h6 9. Be3 c6 10. h5 Bh7 11. Qb3 Qc7 12. Be2 Nbd7 13. O-O Be7 14. Rac1 Nc5 15.
Bxc5 dxc5 16. dxc6 bxc6 17. Qc2 O-O-O 18. Ncxe4 Nxe4 19. Nxe4 Rd4 20. Bf3 Rf8
21. Rcd1 Kb8 22. Rfe1 a6 23. Qa4 Ka7 24. Rxd4 exd4 25. Nd2 Bg5 26. Nb3 Rxf3 27.
Nxc5 Qb6 28. Nd7 Qc7 29. Nc5 Qb6 30. Nd7 Qc7 1/2-1/2

[Event "Master Tournament (MTO)"]
[Site "Biel/Bienne"]
[Date "2018.07.24"]
[Round "2.15"]
[White "Wagner, Dennis"]
[Black "Tania, Sachdev"]
[Result "1-0"]
[WhiteElo "2558"]
[BlackElo "2393"]
[PlyCount "81"]
[EventDate "2018.07.23"]

1. e4 c5 2. Nf3 e6 3. d4 cxd4 4. Nxd4 a6 5. c4 Nf6 6. Nc3 Qc7 7. Be2 b6 8. Be3
Bb7 9. f3 Be7 10. Rc1 d6 11. O-O O-O 12. Qe1 Nbd7 13. g4 Ne8 14. g5 g6 15. h4
Ng7 16. f4 Rfe8 17. f5 exf5 18. Nd5 Qd8 19. exf5 gxf5 20. Qf2 Ne5 21. Nxf5 Nxf5
22. Qxf5 Bxd5 23. cxd5 Qd7 24. Qxd7 Nxd7 25. Bh5 Ne5 26. Bxb6 Rf8 27. Bd4 f6
28. Bxe5 dxe5 29. d6 Bxd6 30. Rc6 Rad8 31. gxf6 e4 32. Be2 Be5 33. Bxa6 Bxb2
34. Bc4+ Kh8 35. f7 e3 36. h5 Rd2 37. Re6 Bd4 38. Kh1 Rc2 39. Re8 Bg7 40. Rxf8+
Bxf8 41. Rg1 1-0

[Event "Master Tournament (MTO)"]
[Site "Biel/Bienne"]
[Date "2018.07.24"]
[Round "2.16"]
[White "Aeschbach, Philipp"]
[Black "Vaibhav, Suri"]
[Result "0-1"]
[WhiteElo "2298"]
[BlackElo "2556"]
[PlyCount "60"]
[EventDate "2018.07.23"]

1. c4 e5 2. g3 c6 3. d4 e4 4. Nc3 d5 5. f3 exf3 6. Nxf3 Bb4 7. Qb3 a5 8. cxd5
cxd5 9. Bg2 Ne7 10. O-O Nbc6 11. a3 Bxc3 12. Qxc3 O-O 13. Be3 Re8 14. Bf2 a4
15. Rfe1 Bf5 16. Nd2 Rc8 17. e4 Ne5 18. Qe3 Ng4 19. Qf3 dxe4 20. Nxe4 Rc2 21.
Re2 Rxe2 22. Qxe2 Nc8 23. Qd1 Rxe4 24. Bxe4 Nxf2 25. Kxf2 Bxe4 26. Qxa4 Bc6 27.
Qc4 Nd6 28. Qd3 Ne4+ 29. Kg1 Qd5 30. Re1 Nf6 0-1

[Event "Master Tournament (MTO)"]
[Site "Biel/Bienne"]
[Date "2018.07.24"]
[Round "2.17"]
[White "Lampert, Jonas"]
[Black "Baenziger, Fabian"]
[Result "1/2-1/2"]
[WhiteElo "2546"]
[BlackElo "2382"]
[PlyCount "79"]
[EventDate "2018.07.23"]

1. Nf3 Nf6 2. b3 g6 3. Bb2 Bg7 4. g3 b5 5. Na3 a6 6. c4 b4 7. Nc2 c5 8. Bg2 Bb7
9. O-O O-O 10. d4 Ne4 11. Ng5 Nc3 12. Bxc3 Bxg2 13. Kxg2 bxc3 14. dxc5 a5 15.
a3 Qc7 16. Qd5 Na6 17. b4 Rab8 18. Rab1 Qc6 19. Qxc6 dxc6 20. Ne4 f5 21. Ng5
Rfd8 22. Ne6 Rd2 23. Rfc1 Kf7 24. b5 cxb5 25. cxb5 Kxe6 26. bxa6 Ra8 27. e3
Rxa6 28. Nd4+ Bxd4 29. exd4 Rxd4 30. Rxc3 Rc6 31. Rb5 a4 32. Rb7 Re4 33. Ra7
Re5 34. Ra5 g5 35. Rc4 g4 36. h3 h5 37. h4 Kf6 38. Kf1 e6 39. Rb5 Rc7 40. Kg2
1/2-1/2

[Event "Master Tournament (MTO)"]
[Site "Biel/Bienne"]
[Date "2018.07.24"]
[Round "2.18"]
[White "Lucca, Kevin"]
[Black "Kuljasevic, Davorin"]
[Result "0-1"]
[WhiteElo "2012"]
[BlackElo "2545"]
[PlyCount "106"]
[EventDate "2018.07.23"]

1. e4 e5 2. Nf3 Nc6 3. Bc4 Bc5 4. c3 Nf6 5. d3 d6 6. Nbd2 O-O 7. O-O a5 8. Re1
a4 9. Nf1 Be6 10. Bb5 Qb8 11. d4 exd4 12. cxd4 Bb4 13. Bd2 Bg4 14. Bxb4 Nxb4
15. Qd2 Nc6 16. Ng3 Qd8 17. Rac1 Ne7 18. Bd3 Ng6 19. Bb1 c6 20. Qc2 Bxf3 21.
gxf3 Nh4 22. Re3 g6 23. Kh1 Ne8 24. Rg1 Ng7 25. Qd1 Kh8 26. f4 f5 27. exf5
Ngxf5 28. Bxf5 Nxf5 29. Nxf5 Rxf5 30. Qg4 Qf6 31. Rh3 Rg8 32. Rh4 Qxd4 33. Qh3
Qd5+ 34. Rg2 Rg7 35. Qc3 Kg8 36. f3 Qxa2 37. Re2 Rf8 38. Rg4 Qb3 39. Qxb3+ axb3
40. Re3 h5 41. Rg1 Rxf4 42. Rxb3 d5 43. Ra1 Rd7 44. Re3 d4 45. Re8+ Rf8 46. Re6
Kf7 47. Re4 Re8 48. Rf4+ Kg7 49. Rd1 d3 50. Ra4 d2 51. Kg2 Re1 52. Raa1 Rxd1
53. Rxd1 Kf6 0-1

[Event "Master Tournament (MTO)"]
[Site "Biel/Bienne"]
[Date "2018.07.24"]
[Round "2.19"]
[White "Aryan, Chopra"]
[Black "Soham, Das"]
[Result "1-0"]
[WhiteElo "2536"]
[BlackElo "2359"]
[PlyCount "77"]
[EventDate "2018.07.23"]

1. e4 c5 2. Nf3 d6 3. d4 Nf6 4. Nc3 cxd4 5. Nxd4 a6 6. Be3 e5 7. Nb3 Be6 8. f3
h5 9. Nd5 Bxd5 10. exd5 Nbd7 11. Qd2 g6 12. Be2 Bg7 13. O-O O-O 14. Na5 Qc7 15.
c4 b6 16. Nc6 Nb8 17. Nxb8 Raxb8 18. Rac1 a5 19. Bd1 Nd7 20. Ba4 Nc5 21. Bc6 e4
22. Rb1 exf3 23. gxf3 f5 24. Kh1 Kh7 25. Rg1 Qf7 26. Qc2 Be5 27. Rg5 Rg8 28.
Rbg1 Rg7 29. Bc1 Bd4 30. Re1 Qf6 31. Qd2 f4 32. Qxf4 Nd3 33. Qxf6 Bxf6 34. Re6
Bxg5 35. Bxg5 Rf7 36. Rxd6 Nxb2 37. Re6 Nxc4 38. d6 Nxd6 39. Rxd6 1-0

[Event "Master Tournament (MTO)"]
[Site "Biel/Bienne"]
[Date "2018.07.25"]
[Round "3.1"]
[White "Aryan, Chopra"]
[Black "Iturrizaga Bonelli, Eduardo"]
[Result "1/2-1/2"]
[WhiteElo "2536"]
[BlackElo "2652"]
[PlyCount "56"]
[EventDate "2018.07.23"]

1. e4 c5 2. Nf3 e6 3. d4 cxd4 4. Nxd4 a6 5. c4 Nf6 6. Nc3 Bb4 7. Qf3 O-O 8. Bg5
Bxc3+ 9. Qxc3 Nxe4 10. Bxd8 Nxc3 11. Bc7 Ne4 12. f3 Nf6 13. Bd6 Re8 14. O-O-O
b6 15. Bc7 b5 16. cxb5 axb5 17. Nxb5 Ba6 18. Kb1 Nd5 19. Bd6 Nc6 20. Re1 Rec8
21. a4 Na5 22. Rc1 Rxc1+ 23. Kxc1 Ne3 24. Nc7 Nb3+ 25. Kb1 Nd2+ 26. Kc1 Nb3+
27. Kb1 Nd2+ 28. Kc1 Nb3+ 1/2-1/2

[Event "Master Tournament (MTO)"]
[Site "Biel/Bienne"]
[Date "2018.07.25"]
[Round "3.2"]
[White "Salem, A.R. Saleh"]
[Black "Lalith, Babu M R"]
[Result "1-0"]
[WhiteElo "2642"]
[BlackElo "2529"]
[PlyCount "65"]
[EventDate "2018.07.23"]

1. d4 Nf6 2. c4 e6 3. Nf3 b6 4. Nc3 Bb7 5. a3 d5 6. cxd5 Nxd5 7. e3 g6 8. Bb5+
c6 9. Ba4 Bg7 10. e4 Nxc3 11. bxc3 O-O 12. Bg5 Qc7 13. O-O Nd7 14. Re1 b5 15.
Bc2 c5 16. Rb1 a6 17. a4 cxd4 18. cxd4 bxa4 19. Bxa4 Nf6 20. Rc1 Qa5 21. Bd2
Qb6 22. d5 exd5 23. Be3 d4 24. Bxd4 Qa5 25. Bc3 Qh5 26. Qb3 Bc8 27. Qb2 Bh3 28.
Re3 Rfb8 29. Qa3 Bh6 30. Bxf6 Bxg2 31. Ng5 Bxg5 32. Bxg5 Bxe4 33. Rg3 1-0

[Event "Master Tournament (MTO)"]
[Site "Biel/Bienne"]
[Date "2018.07.25"]
[Round "3.3"]
[White "Flom, Gabriel"]
[Black "Bartel, Mateusz"]
[Result "1/2-1/2"]
[WhiteElo "2515"]
[BlackElo "2604"]
[PlyCount "86"]
[EventDate "2018.07.23"]

1. d4 Nf6 2. Bg5 Ne4 3. Bf4 d5 4. e3 e6 5. Bd3 b6 6. Bxe4 dxe4 7. Nc3 Bb7 8.
Nge2 Bd6 9. Bxd6 Qxd6 10. Ng3 f5 11. Qh5+ g6 12. Qg5 Kf7 13. Nge2 h6 14. Qf4
Qxf4 15. Nxf4 g5 16. Nfe2 Nd7 17. a4 a5 18. Nb5 Ke7 19. O-O-O c6 20. Na3 Ba6
21. c4 Nf6 22. Nc3 Rad8 23. h3 Rhg8 24. f3 exf3 25. gxf3 Bb7 26. e4 f4 27. e5
Nh5 28. Rh2 Ng3 29. Rhd2 h5 30. Nc2 Rgf8 31. b3 Rf5 32. Re1 Rff8 33. Red1 Kf7
34. c5 b5 35. axb5 cxb5 36. d5 Bxd5 37. Nxd5 exd5 38. Nd4 Rc8 39. Rc2 Ke7 40.
c6 g4 41. hxg4 hxg4 42. fxg4 f3 43. Rf2 Ne2+ 1/2-1/2

[Event "Master Tournament (MTO)"]
[Site "Biel/Bienne"]
[Date "2018.07.25"]
[Round "3.4"]
[White "Bilguun, Sumiya"]
[Black "Baklan, Vladimir"]
[Result "1/2-1/2"]
[WhiteElo "2490"]
[BlackElo "2595"]
[PlyCount "25"]
[EventDate "2018.07.23"]

1. e4 e6 2. d4 d5 3. Nd2 c5 4. Ngf3 cxd4 5. exd5 Qxd5 6. Bc4 Qd6 7. O-O Nf6 8.
Nb3 Nc6 9. Nbxd4 Nxd4 10. Nxd4 Be7 11. b3 O-O 12. Bb2 Qf4 13. Qf3 1/2-1/2

[Event "Master Tournament (MTO)"]
[Site "Biel/Bienne"]
[Date "2018.07.25"]
[Round "3.5"]
[White "Kovchan, Alexander"]
[Black "Stojanovic, Mihajlo"]
[Result "1/2-1/2"]
[WhiteElo "2572"]
[BlackElo "2486"]
[PlyCount "183"]
[EventDate "2018.07.23"]

1. e4 e6 2. d4 d5 3. Nd2 c5 4. exd5 exd5 5. Ngf3 Nf6 6. Bb5+ Bd7 7. Bxd7+ Nbxd7
8. O-O Be7 9. dxc5 Nxc5 10. Nb3 Nce4 11. Nfd4 Qd7 12. f3 Nd6 13. Nc5 Qc8 14.
Nd3 O-O 15. Be3 Re8 16. Re1 Bd8 17. Bf2 Bb6 18. Rxe8+ Qxe8 19. c3 Qd7 20. a4 a6
21. Qb3 Nc4 22. a5 Ba7 23. Qa4 Rc8 24. Qxd7 Nxd7 25. Ne2 Bb8 26. Bd4 Bc7 27. b4
g5 28. Rd1 f6 29. Nec1 Kf7 30. Nb3 Bd6 31. Kf2 h5 32. g3 Rc7 33. h3 Rc8 34. Ba7
Ra8 35. Bc5 Bc7 36. Ndc1 Nxc5 37. Nxc5 Be5 38. Ne2 b6 39. axb6 Nxb6 40. Ra1 Bd6
41. Nxa6 Nc4 42. b5 Be5 43. Ke1 Bd6 44. Ra2 Ra7 45. g4 hxg4 46. hxg4 Be5 47.
Nb4 Rxa2 48. Nxa2 Nd6 49. b6 Nc4 50. b7 Na5 51. Nb4 Nxb7 52. Nxd5 Ke6 53. Ne3
Nd6 54. Kd2 Nb7 55. Nf5 Nc5 56. c4 Bb2 57. Kc2 Ba1 58. Nc1 Ke5 59. Nd3+ Nxd3
60. Kxd3 Bb2 61. Ne7 Ba3 62. Ng6+ Ke6 63. Ke4 Bc5 64. f4 gxf4 65. Nxf4+ Kd6 66.
Nd3 Bg1 67. Kf5 Bd4 68. Nf4 Bb2 69. Nd3 Bd4 70. Kf4 Ke6 71. Ke4 Bc3 72. Nf2 Kd6
73. Kf5 Bd4 74. Ne4+ Ke7 75. c5 Bb2 76. c6 Bc1 77. Kg6 Ke6 78. Kh7 Ke7 79. Kg7
Kd8 80. Kxf6 Kc7 81. Nc5 Kxc6 82. Nd3 Bd2 83. Ke6 Kc7 84. Kf5 Kd6 85. Nf4 Ke7
86. g5 Bxf4 87. Kxf4 Kf7 88. Kf5 Kg7 89. g6 Kg8 90. Kf6 Kf8 91. g7+ Kg8 92. Kg6
1/2-1/2

[Event "Master Tournament (MTO)"]
[Site "Biel/Bienne"]
[Date "2018.07.25"]
[Round "3.6"]
[White "Kaczmarczyk, Dennis"]
[Black "Wagner, Dennis"]
[Result "0-1"]
[WhiteElo "2444"]
[BlackElo "2558"]
[PlyCount "50"]
[EventDate "2018.07.23"]

1. d4 Nf6 2. c4 g6 3. g3 Bg7 4. Bg2 d5 5. cxd5 Nxd5 6. Nf3 O-O 7. O-O Nc6 8. e3
Re8 9. Nc3 Nxc3 10. bxc3 e5 11. Qb3 Rb8 12. Nd2 Na5 13. Qa4 b6 14. Rd1 Bg4 15.
Bf3 Bxf3 16. Nxf3 exd4 17. cxd4 Qd5 18. Ne1 Nc4 19. Rb1 c5 20. dxc5 Qxc5 21.
Nd3 Qh5 22. Bd2 b5 23. Qxa7 Rbd8 24. Bb4 Qe2 25. Nb2 Bxb2 0-1

[Event "Master Tournament (MTO)"]
[Site "Biel/Bienne"]
[Date "2018.07.25"]
[Round "3.7"]
[White "Vaibhav, Suri"]
[Black "Prithu, Gupta"]
[Result "1/2-1/2"]
[WhiteElo "2556"]
[BlackElo "2436"]
[PlyCount "187"]
[EventDate "2018.07.23"]

1. c4 e5 2. Nc3 Nf6 3. Nf3 Nc6 4. e3 Bb4 5. Qc2 Bxc3 6. Qxc3 Qe7 7. b3 d5 8. d4
exd4 9. Nxd4 Nxd4 10. Qxd4 c5 11. Qf4 d4 12. Bb2 dxe3 13. O-O-O exf2 14. Qxf2
O-O 15. Bd3 Ng4 16. Qf4 Qe3+ 17. Qxe3 Nxe3 18. Rde1 Ng4 19. Rhf1 Be6 20. h3 Nf6
21. Rxf6 gxf6 22. Bxf6 Rfd8 23. Bc2 Rd6 24. Re5 h6 25. Re3 Bd7 26. Be7 Re6 27.
Rg3+ Kh8 28. Bxc5 Rg8 29. Rd3 Bc6 30. g4 h5 31. Bxa7 Be4 32. Rd7 hxg4 33. Rxf7
Ra8 34. Bd4+ Kg8 35. Rg7+ Kf8 36. Rxg4 Bxc2 37. Kxc2 Rxa2+ 38. Kc3 Rh2 39. Rh4
Rg6 40. Kb4 Rg3 41. Bc5+ Kf7 42. Rh7+ Rg7 43. Rh8 Rg8 44. Rh5 Rg3 45. Rh7+ Rg7
46. Rh4 Rg3 47. Ka4 Ra2+ 48. Ba3 Rg6 49. Kb4 Rb6+ 50. Kc5 Rxb3 51. Bc1 Rc2 52.
Bg5 b5 53. Rf4+ Kg6 54. h4 Rb1 55. Bf6 b4 56. Kb5 b3 57. c5 b2 58. h5+ Kxh5 59.
Rb4 Kg6 60. Bd4 Kf7 61. Kc6 Ke6 62. Bh8 Rh2 63. Bc3 Kf5 64. Bg7 Rg2 65. Bc3
Rg6+ 66. Kb5 Rg8 67. Kc4 Rc1 68. Rxb2 Rg4+ 69. Kb3 Rg3 70. Rc2 Rxc2 71. Kxc2
Ke4 72. Kb3 Kd5 73. Kb4 Rg8 74. Bd2 Rb8+ 75. Kc3 Kxc5 76. Kd3 Rd8+ 77. Ke2 Kd4
78. Kf3 Kd3 79. Bb4 Rd7 80. Bc5 Rf7+ 81. Kg2 Ke4 82. Bb6 Rf3 83. Bc7 Ke3 84.
Bb6+ Ke2 85. Bc5 Rf5 86. Bb6 Rf6 87. Ba7 Rg6+ 88. Kh1 Kf3 89. Bb8 Kf2 90. Ba7+
Kg3 91. Bb8+ Kh3 92. Ba7 Rg2 93. Bb6 Rg6 94. Ba7 1/2-1/2

[Event "Master Tournament (MTO)"]
[Site "Biel/Bienne"]
[Date "2018.07.25"]
[Round "3.8"]
[White "Kuljasevic, Davorin"]
[Black "Rohith, Krishna S"]
[Result "1-0"]
[WhiteElo "2545"]
[BlackElo "2015"]
[PlyCount "83"]
[EventDate "2018.07.23"]

1. Nf3 Nf6 2. c4 e6 3. g3 b6 4. Bg2 Bb7 5. d4 Be7 6. O-O O-O 7. Nc3 d5 8. cxd5
exd5 9. Bf4 c6 10. Qc2 Nbd7 11. Rad1 Re8 12. Ne5 Nf8 13. e4 Ne6 14. Be3 Rc8 15.
Qb3 dxe4 16. Nxe4 Nd5 17. Nc3 Bf8 18. Nxc6 Rxc6 19. Qxd5 Qa8 20. Qh5 Rd6 21.
Bxb7 Qxb7 22. d5 Nc7 23. Rd3 Red8 24. Rfd1 b5 25. Bc5 Rh6 26. Qg5 f6 27. Qe3
Re8 28. Qd4 Qc8 29. h4 Ne6 30. dxe6 Bxc5 31. Qd7 Be7 32. Nd5 Bc5 33. Nc7 Qxd7
34. exd7 Rd8 35. Ne6 Bb6 36. Nxd8 Bxd8 37. Re1 Ba5 38. b4 Bb6 39. Re6 Bc7 40.
Rc6 Bd8 41. Rc8 Kf7 42. Rxd8 1-0

[Event "Master Tournament (MTO)"]
[Site "Biel/Bienne"]
[Date "2018.07.25"]
[Round "3.9"]
[White "Eljanov, Pavel"]
[Black "Gaehwiler, Gabriel"]
[Result "*"]
[WhiteElo "2706"]
[BlackElo "2419"]
[PlyCount "57"]
[EventDate "2018.07.23"]

1. e4 c5 2. Nf3 d6 3. d4 cxd4 4. Nxd4 Nf6 5. Nc3 a6 6. Be2 e5 7. Nb3 Be7 8. Be3
Be6 9. Nd5 Nbd7 10. Qd3 Bxd5 11. exd5 O-O 12. a4 Nc5 13. Nxc5 dxc5 14. c4 e4
15. Qc2 Bd6 16. O-O-O Ne8 17. Qxe4 Nc7 18. Qc2 b5 19. Bd3 bxc4 20. Bxh7+ Kh8
21. h4 c3 22. bxc3 c4 23. Qf5 Rb8 24. Kc2 Ba3 25. Kd2 Qxd5+ 26. Ke1 Qxf5 27.
Bxf5 Bb2 28. Rd7 Bxc3+ 29. Ke2 *

[Event "Master Tournament (MTO)"]
[Site "Biel/Bienne"]
[Date "2018.07.25"]
[Round "3.10"]
[White "Zoler, Dan"]
[Black "Antipov, Mikhail Al"]
[Result "1/2-1/2"]
[WhiteElo "2506"]
[BlackElo "2626"]
[PlyCount "74"]
[EventDate "2018.07.23"]

1. d4 Nf6 2. c4 c6 3. Nf3 d5 4. Nc3 a6 5. Qc2 g6 6. e4 dxe4 7. Nxe4 Nxe4 8.
Qxe4 Bg7 9. Be2 c5 10. d5 Bf5 11. Qe3 Qd6 12. O-O O-O 13. Rd1 b6 14. h3 Ra7 15.
Nh4 Bc8 16. Rb1 a5 17. Bd2 e5 18. dxe6 Qxe6 19. Qxe6 Bxe6 20. Bc3 a4 21. Bxg7
Kxg7 22. Rd6 Nd7 23. a3 Ne5 24. Rc1 Rd7 25. Rxd7 Bxd7 26. Nf3 Nc6 27. Rd1 Be6
28. Rd6 Na5 29. Rxb6 Bxc4 30. Bxc4 Nxc4 31. Rc6 Rd8 32. Rxc5 Rd1+ 33. Kh2 Nxb2
34. Rc2 Nd3 35. Rc4 Nxf2 36. Rxa4 Ra1 37. Ra7 Nd3 1/2-1/2

[Event "Master Tournament (MTO)"]
[Site "Biel/Bienne"]
[Date "2018.07.25"]
[Round "3.11"]
[White "Karthikeyan, Murali"]
[Black "Iniyan, P."]
[Result "1/2-1/2"]
[WhiteElo "2609"]
[BlackElo "2451"]
[PlyCount "106"]
[EventDate "2018.07.23"]

1. d4 Nf6 2. Nf3 g6 3. g3 Bg7 4. Bg2 d6 5. O-O O-O 6. c4 Nbd7 7. Nc3 e5 8. e4
exd4 9. Nxd4 Re8 10. h3 Nc5 11. Re1 Bd7 12. Rb1 a5 13. Kh2 h6 14. f3 Nh5 15.
Be3 f5 16. exf5 Nxg3 17. fxg6 Nh5 18. Qd2 Qh4 19. Bf2 Qf4+ 20. Qxf4 Nxf4 21.
Ndb5 Rxe1 22. Bxe1 Be5 23. Nxc7 Nd5+ 24. Bg3 Nxc7 25. Rd1 Be6 26. f4 Bxc3 27.
bxc3 Rd8 28. Bf2 Rd7 29. Bf3 Ne8 30. Bd4 Ng7 31. Bg4 h5 32. Bf3 Bf5 33. Bd5+
Kf8 34. Bf7 Re7 35. Rd2 Nd3 36. Kg3 Re1 37. Kh4 Nxf4 38. Kg5 Nfe6+ 39. Bxe6
Bxe6 40. Rb2 Bxc4 41. Rxb7 Ne8 42. Kxh5 Bxa2 43. h4 a4 44. Kg5 Re2 45. Ra7 Rg2+
46. Kh6 Rh2 47. h5 Bb3 48. Kg5 Bd1 49. Rf7+ Kg8 50. Re7 Rxh5+ 51. Kf4 Kf8 52.
Rf7+ Kg8 53. Re7 Kf8 1/2-1/2

[Event "Master Tournament (MTO)"]
[Site "Biel/Bienne"]
[Date "2018.07.25"]
[Round "3.12"]
[White "Donchenko, Alexander"]
[Black "Wallace, John Paul"]
[Result "1-0"]
[WhiteElo "2588"]
[BlackElo "2390"]
[PlyCount "47"]
[EventDate "2018.07.23"]

1. d4 Nf6 2. c4 g6 3. Nc3 Bg7 4. e4 d6 5. f3 O-O 6. Be3 e5 7. d5 Nh5 8. Qd2 a6
9. Bd3 c5 10. Nge2 f5 11. exf5 gxf5 12. O-O-O b5 13. g4 fxg4 14. fxg4 Bxg4 15.
Rhg1 Qh4 16. Ne4 Nd7 17. Bg5 Qh3 18. Bh6 bxc4 19. Bc2 Kh8 20. Bxg7+ Nxg7 21.
Qg5 h5 22. Rg3 Qxh2 23. Qh6+ Kg8 24. Rxg4 1-0

[Event "Master Tournament (MTO)"]
[Site "Biel/Bienne"]
[Date "2018.07.25"]
[Round "3.13"]
[White "Ikeda, Junta"]
[Black "Indjic, Aleksandar"]
[Result "1/2-1/2"]
[WhiteElo "2437"]
[BlackElo "2599"]
[PlyCount "103"]
[EventDate "2018.07.23"]

1. c4 Nf6 2. Nf3 e6 3. g3 b6 4. Bg2 Bb7 5. d4 Be7 6. O-O O-O 7. d5 Na6 8. Nc3
Bb4 9. Na4 exd5 10. Nh4 c6 11. cxd5 cxd5 12. a3 Be7 13. Nf5 Ne4 14. Nxe7+ Qxe7
15. Be3 Nac5 16. Rc1 Nxa4 17. Qxa4 Bc6 18. Qd4 Rfe8 19. Rc2 h5 20. Bc1 Rac8 21.
h4 Bb7 22. Rxc8 Rxc8 23. Bf3 Rc4 24. Qd1 Qe5 25. b3 Rc8 26. Bf4 Qf5 27. Qd3 f6
28. Rc1 Rc6 29. Rxc6 dxc6 30. Bb8 a6 31. Bxe4 Qxe4 32. Qxe4 dxe4 33. Ba7 b5 34.
a4 bxa4 35. bxa4 Kf7 36. Bc5 Ke6 37. Kf1 g5 38. Ke1 Kf5 39. Be7 gxh4 40. gxh4
Ke6 41. Bd8 f5 42. Kd2 c5 43. Kc3 f4 44. Bg5 Kf5 45. Kc4 Bc6 46. Kxc5 Bxa4 47.
e3 Kg4 48. exf4 Kf3 49. Kd4 Bc2 50. f5 e3 51. fxe3 Bxf5 52. Kc5 1/2-1/2

[Event "Master Tournament (MTO)"]
[Site "Biel/Bienne"]
[Date "2018.07.25"]
[Round "3.14"]
[White "Aravindh, Chithambaram Vr"]
[Black "Radovanovic, Mihajlo"]
[Result "1-0"]
[WhiteElo "2580"]
[BlackElo "2402"]
[PlyCount "99"]
[EventDate "2018.07.23"]

1. e4 c5 2. Nf3 d6 3. d4 cxd4 4. Nxd4 Nf6 5. Nc3 a6 6. h3 e6 7. g4 h6 8. Bg2
Be7 9. Be3 Nc6 10. Nxc6 bxc6 11. Qd2 Rb8 12. O-O-O Qa5 13. Kb1 Nd7 14. Ne2 Qxd2
15. Bxd2 g5 16. Bc3 Rg8 17. b3 d5 18. Rhe1 Bb4 19. Bxb4 Rxb4 20. Nd4 Bb7 21. a4
a5 22. c3 Rb6 23. exd5 cxd5 24. b4 Nc5 25. Bf1 Nxa4 26. Bb5+ Rxb5 27. Nxb5 Bc6
28. Kc2 Bxb5 29. Rxd5 Bd7 30. Rxa5 Ke7 31. c4 Nb6 32. Kb3 Rc8 33. Rc1 e5 34.
Ra7 Ke8 35. Ra6 Rb8 36. Ra5 Be6 37. Rxe5 Kd7 38. Rc5 Ke7 39. Rc6 Nd7 40. Re1
Kf6 41. Kc3 Ne5 42. Rc5 Rxb4 43. Rexe5 Rxc4+ 44. Rxc4 Kxe5 45. Rb4 Bd7 46. Kd3
Bc6 47. Rb6 Be4+ 48. Ke3 Bg6 49. h4 h5 50. gxh5 1-0

[Event "Master Tournament (MTO)"]
[Site "Biel/Bienne"]
[Date "2018.07.25"]
[Round "3.15"]
[White "Dragun, Kamil"]
[Black "Ravi, Teja S"]
[Result "1-0"]
[WhiteElo "2594"]
[BlackElo "2360"]
[PlyCount "77"]
[EventDate "2018.07.23"]

1. e4 c6 2. d4 d5 3. e5 Bf5 4. Nf3 e6 5. Be2 Ne7 6. O-O Nd7 7. a4 Bg6 8. a5 Nf5
9. a6 b5 10. Nbd2 h5 11. Nb3 Bb4 12. Ne1 Qb6 13. Nd3 Be7 14. Nf4 h4 15. Nxg6
fxg6 16. Bd3 Nb8 17. Qg4 Kf7 18. Qf3 Nd7 19. Bd2 Raf8 20. Qg4 Rc8 21. c3 Rh5
22. Nc1 c5 23. Ne2 c4 24. Bc2 b4 25. Nf4 Rg5 26. Qf3 b3 27. Bb1 Rf8 28. Nxd5
exd5 29. Bxg5 Bxg5 30. Bxf5 Ke7 31. Qxd5 gxf5 32. f4 Bh6 33. Ra4 Qe6 34. Qxe6+
Kxe6 35. Rxc4 Nb6 36. Rc7 Na4 37. c4 Bxf4 38. Rxf4 Nxb2 39. Rf3 1-0

[Event "Master Tournament (MTO)"]
[Site "Biel/Bienne"]
[Date "2018.07.25"]
[Round "3.16"]
[White "Baenziger, Fabian"]
[Black "Michalik, Peter"]
[Result "0-1"]
[WhiteElo "2382"]
[BlackElo "2562"]
[PlyCount "66"]
[EventDate "2018.07.23"]

1. e4 c5 2. Nf3 d6 3. d4 cxd4 4. Nxd4 Nf6 5. Nc3 a6 6. g3 e5 7. Nb3 Be7 8. Bg2
Nbd7 9. a4 b6 10. O-O Bb7 11. Re1 Rc8 12. Nd2 O-O 13. Nf1 Nc5 14. b4 Ne6 15.
Nd5 a5 16. Be3 Nxd5 17. exd5 Nd4 18. Bxd4 exd4 19. bxa5 bxa5 20. Rb1 Ba6 21.
Qxd4 Bf6 22. Qb6 Bxf1 23. Bxf1 Rxc2 24. Qxd8 Rxd8 25. Re2 Rc5 26. Bg2 g6 27. h4
Kg7 28. Bf3 Rc4 29. Re4 Rdc8 30. Rbe1 R8c5 31. Rxc4 Rxc4 32. Re4 Bd4 33. Bd1
Bxf2+ 0-1

[Event "Master Tournament (MTO)"]
[Site "Biel/Bienne"]
[Date "2018.07.25"]
[Round "3.17"]
[White "Moussard, Jules"]
[Black "Kumar, Nikhil"]
[Result "1-0"]
[WhiteElo "2559"]
[BlackElo "2300"]
[PlyCount "93"]
[EventDate "2018.07.23"]

1. e4 c6 2. d4 d5 3. Nc3 dxe4 4. Nxe4 Nf6 5. Nxf6+ exf6 6. c3 Bd6 7. Bd3 O-O 8.
Qc2 Re8+ 9. Ne2 h5 10. Be3 Nd7 11. O-O-O Qa5 12. Kb1 b5 13. g4 hxg4 14. h3 g3
15. Rhg1 Nb6 16. Nxg3 Be6 17. b4 Qa4 18. Nh5 Nd5 19. Qxa4 Nxc3+ 20. Kc2 Nxa4
21. Nxg7 Kf8 22. Nxe8 Rxe8 23. a3 Bxh3 24. Rh1 Be6 25. Rh8+ Ke7 26. Rxe8+ Kxe8
27. d5 Bg4 28. Re1 a6 29. dxc6 Kd8 30. Bd4 Kc7 31. Be4 Be6 32. Bxf6 Nb6 33. Rd1
Nc4 34. Rd3 a5 35. bxa5 Nxa3+ 36. Rxa3 Bxa3 37. Be5+ Kc8 38. a6 Bc5 39. c7 Kd7
40. Bb7 Ke7 41. f3 f6 42. Bc3 Bf5+ 43. Kb2 Kd6 44. Bb4 Kxc7 45. Bxc5 Bc8 46.
Bxc8 Kxc8 47. Bd6 1-0